Captain Marvel (2019) Characters - Statistics

General Stats
  • This quiz has been taken 29 times
  • The average score is 7 of 10
Answer Stats
Hint Answer % Correct
Brie Larson Captain Marvel
100%
Chris Evans Captain America
96%
Samuel L. Jackson Nick Fury
96%
Scarlett Johansson Black Widow
91%
Mark Ruffalo Bruce Banner
91%
Don Cheadle War Machine
83%
Himself Stan Lee
70%
Clark Gregg Phil Coulson
48%
Jude Law Yon-Rogg
43%
Lee Pace Ronan
22%
No matching quizzes found
Score Distribution
Percent of People with Each Score
Percentile by Number Answered
Your Score History
You have not taken this quiz